000 00515nam a2200169 i 4500
001 92820
003 ES-MaACL
005 20240301062534.0
007 t|
008 050328s1932 sp ||||1| spa d
110 2 _aBiblioteca Nacional (EspaƱa)
_92188
245 1 0 _aLista de adquisiciones de libros extranjeros octubre-diciembre /
_cPatronato de la Biblioteca Nacional.
260 _aMadrid :
_b[s.n.],
_c1932 (
_fAguirre)
300 _a20 p. ;
_c20 cm.
852 _aES-MaACL
_j1776-F-2
999 _c92820
_d92820